| 000 | 00610nam a2200169 a 4500 | ||
|---|---|---|---|
| 008 | 111004s1998 ||||||||||||||||| || u | ||
| 020 | _a0721666116 | ||
| 050 | _aQP 31.2 Cos. | ||
| 100 | _aCostanzo, Linda S | ||
| 245 | 1 | 0 | _aPhysiology |
| 260 |
_aPhiladelphia: _bW. B. Saunders Company _c1998 |
||
| 300 | _aix, 429p. : ill. | ||
| 350 | _a0.00 | ||
| 490 | _aSaunders text and review series | ||
| 650 | _aPHYSIOLOGY | ||
| 995 |
_aMEDICAL LIBRARY OPEN ACCESS _D0.00 _e901400 _FCBU-SCHOOL OF MEDICINE LIBRARY (Ndola) _H1 _I0.00 _jQP 31.2 Cos. _M1 _UAVAILABLE _WOct 4, 2011 _y901400 _ZMedical Library Open Access Collection |
||
| 999 |
_c32383 _d32383 |
||